000 00655nam a2200217Ii 4500
001 14251
003 CO-ViMGA
008 241108s9999||||xx |||||||||||||| ||und||
020 _a9586171072
040 _aCO-ViMGA
_bspa
_erda
_cCO-ViMGA
041 0 _aspa
082 0 4 _a346.0482 A28m
100 1 _aOscar Acuña
_950960
245 1 0 _aManual de derecho de autor:
_bpara las bibliotecas públicas en Colombia
264 1 _aBogotá, Colombia : Dupligráficas, 2006
300 _avolumen
336 _atext
_btxt
_2rdacontent
337 _aunmediated
_bn
_2rdamedia
338 _avolume
_bnc
_2rdacarrier
940 _aidficha_siabuc: 13948. -- ficha_no_siabuc:14251
999 _c45662
_d45662